[Event "L. Polugaevsky Memorial 2012"]
[Site "Samara"]
[Date "2012.07.10"]
[Round "6.13"]
[White "Kokarev, Dmitry"]
[Black "Palachev, Petr"]
[Result "1-0"]
[WhiteElo "2616"]
[BlackElo "2287"]
[PlyCount "213"]
[EventDate "2012.07.05"]

1. e4 e6 2. d4 d5 3. Nc3 Nf6 4. e5 Nfd7 5. Nf3 c5 6. dxc5 Nc6 7. Bf4 Bxc5 8.
Bd3 f6 9. exf6 Qxf6 10. Bg3 O-O 11. O-O Nd4 12. Nxd4 Bxd4 13. Qh5 g6 14. Qe2
Nc5 15. Nd1 Bd7 16. c3 Nxd3 17. Qxd3 Be5 18. Ne3 Bxg3 19. hxg3 Rad8 20. Ng4 Qg7
21. Rfe1 g5 22. Re5 h6 23. Rae1 Rde8 24. Qe3 a6 25. Nxh6+ Qxh6 26. Rxg5+ Kf7
27. Rxd5 exd5 28. Qxh6 Rxe1+ 29. Kh2 Ke7 30. g4 Re6 31. Qd2 Re5 32. Kg3 Rg8 33.
f3 Reg5 34. Qf4 Bc6 35. Qc7+ Ke6 36. a4 R5g7 37. Qb6 Kd7 38. b4 Kc8 39. b5 axb5
40. axb5 Bd7 41. Qc5+ Kb8 42. Qd6+ Ka7 43. Qxd5 b6 44. Qa2+ Kb8 45. Qc4 Bc8 46.
Qd4 Rg6 47. c4 Kb7 48. Qe4+ Kb8 49. Qe3 Kb7 50. Kf2 R8g7 51. Qe4+ Kb8 52. Qd3
Kb7 53. Qd5+ Kb8 54. Qe4 Rg8 55. Qe5+ Kb7 56. Qd5+ Kb8 57. Kg3 R8g7 58. Qe4 Rg8
59. Kf4 R8g7 60. Qe8 Rg8 61. Qe3 Kb7 62. Qe2 Kb8 63. Kg3 R8g7 64. Qe4 Rg8 65.
Qe5+ Kb7 66. Qd5+ Kb8 67. c5 bxc5 68. Qxc5 R8g7 69. Qf8 Kb7 70. Qd8 Bd7 71. b6
Bxg4 72. Qd5+ Kxb6 73. Qd4+ Kc7 74. fxg4 Rg8 75. Qe5+ Kd7 76. Qh5 Ke6 77. Kh3
Kf7 78. Qf5+ Kg7 79. g5 Kh7 80. Kg4 Kg7 81. Qd3 Kh7 82. Qd7+ R8g7 83. Qf5 Kg8
84. Qe5 Kh7 85. Qh2+ Kg8 86. Qh5 Kf7 87. Kf5 Rg8 88. Qh7+ R8g7 89. Qh5 Kf8 90.
Qg4 Kg8 91. Qh5 Kf7 92. Qg4 Kg8 93. Qc4+ Kf8 94. Qc8+ Kf7 95. Qd8 Rg8 96. Qd7+
Kf8 97. Qd8+ Kf7 98. Qd7+ Kf8 99. Kf4 R8g7 100. Qd8+ Kf7 101. Qd5+ Kf8 102. Kg4
Rf7 103. Kh5 Kg7 104. Qe4 Ra6 105. Qd4+ Kg8 106. Qc4 Ra5 107. Kh6 1-0

[Event "L. Polugaevsky Memorial 2012"]
[Site "Samara"]
[Date "2012.07.10"]
[Round "6.14"]
[White "Bocharov, Dmitry"]
[Black "Sukhareva, Evgeniya"]
[Result "1-0"]
[WhiteElo "2600"]
[BlackElo "2259"]
[PlyCount "69"]
[EventDate "2012.07.05"]

1. d4 d5 2. c4 e6 3. Nc3 c6 4. e3 Nf6 5. b3 a6 6. Bb2 c5 7. Nf3 cxd4 8. exd4 b6
9. Bd3 Bb7 10. O-O Be7 11. Qe2 O-O 12. Rad1 Nc6 13. Bb1 g6 14. Ne5 Re8 15. Rd3
Rc8 16. Rfd1 Qc7 17. h4 dxc4 18. bxc4 Nh5 19. Nxc6 Bxc6 20. d5 exd5 21. cxd5
Nf4 22. Qd2 Nxd3 23. Bxd3 Bb7 24. Ne4 Bxd5 25. Qh6 f6 26. Nxf6+ Bxf6 27. Bxf6
Qf7 28. Ba1 Rc7 29. Qd2 Rce7 30. Qc3 Re5 31. Bxa6 Qf4 32. Rxd5 Rf8 33. Rxe5
Qxf2+ 34. Kh1 Qxh4+ 35. Qh3 1-0

[Event "L. Polugaevsky Memorial 2012"]
[Site "Samara"]
[Date "2012.07.10"]
[Round "6.15"]
[White "Dvoirys, Semen I"]
[Black "Mirzoeva, Elmira"]
[Result "1/2-1/2"]
[WhiteElo "2580"]
[BlackElo "2251"]
[PlyCount "73"]
[EventDate "2012.07.05"]

1. e4 c6 2. Nc3 d5 3. Nf3 Bg4 4. h3 Bxf3 5. Qxf3 e6 6. g3 Nf6 7. Qe2 d4 8. Nb1
e5 9. d3 c5 10. Bg2 Nc6 11. O-O Be7 12. f4 O-O 13. Nd2 Nd7 14. Nf3 Rc8 15. h4
exf4 16. Bxf4 Bf6 17. Bh3 Ra8 18. g4 Nde5 19. g5 Nxf3+ 20. Rxf3 Be5 21. Bd2 Qe7
22. a3 c4 23. dxc4 d3 24. Rxd3 Bxb2 25. Rb1 Bxa3 26. Rd7 Qe5 27. Qe3 Bc5 28.
Qf2 b6 29. Rd4 Rad8 30. Rf1 Qe7 31. c3 Rfe8 32. Re1 Ne5 33. Qf1 a5 34. Bf4 Bd6
35. Red1 Bc7 36. Bg2 Ng6 37. h5 1/2-1/2

[Event "L. Polugaevsky Memorial 2012"]
[Site "Samara"]
[Date "2012.07.10"]
[Round "6.16"]
[White "Iljushin, Alexei"]
[Black "Khanin, Semen"]
[Result "1-0"]
[WhiteElo "2517"]
[BlackElo "2221"]
[PlyCount "63"]
[EventDate "2012.07.05"]

1. d4 Nf6 2. c4 g6 3. Nc3 Bg7 4. Nf3 O-O 5. Bf4 d6 6. e3 Nbd7 7. h3 c6 8. Be2
Qc7 9. O-O e5 10. Bh2 Ne8 11. Rc1 exd4 12. exd4 Ndf6 13. Qd2 Qd8 14. Rfe1 Bf5
15. d5 cxd5 16. cxd5 Nc7 17. Bf1 Re8 18. Rxe8+ Nfxe8 19. Nd4 Bd7 20. Rd1 Rc8
21. Bf4 Na6 22. Ndb5 Qa5 23. Nxd6 Nxd6 24. Bxd6 Bxc3 25. bxc3 Qxc3 26. Qf4 Re8
27. Rd3 Qa1 28. Rf3 Bf5 29. Re3 Rxe3 30. Qxe3 Qd1 31. Qe8+ Kg7 32. Bf8+ 1-0

[Event "L. Polugaevsky Memorial 2012"]
[Site "Samara"]
[Date "2012.07.10"]
[Round "6.18"]
[White "Iskusnyh, Sergei"]
[Black "Natacheev, Peter"]
[Result "1-0"]
[WhiteElo "2478"]
[BlackElo "2242"]
[PlyCount "67"]
[EventDate "2012.07.05"]

1. d4 d5 2. c4 c6 3. Nf3 Nf6 4. e3 Bf5 5. Nc3 e6 6. Nh4 Be4 7. f3 Bg6 8. Bd2
Bd6 9. Qb3 Qb6 10. c5 Qxb3 11. axb3 Bc7 12. Nxg6 hxg6 13. f4 Nbd7 14. b4 b5 15.
Bd3 Ng4 16. h3 f5 17. Nxb5 cxb5 18. Bxb5 Ngf6 19. Bc6 Rc8 20. Rxa7 Bb8 21. Ra6
Ne4 22. b5 g5 23. Bb7 Rd8 24. c6 Nxd2 25. Kxd2 Nf6 26. Rc1 Ne4+ 27. Kd3 g4 28.
b6 gxh3 29. gxh3 Rxh3 30. c7 Rh2 31. cxd8=Q+ Kxd8 32. Rc2 Nf2+ 33. Rxf2 Rxf2
34. Ra8 1-0

[Event "L. Polugaevsky Memorial 2012"]
[Site "Samara"]
[Date "2012.07.10"]
[Round "6.19"]
[White "Sviridova, Vlada"]
[Black "Virovlansky, Semen"]
[Result "1/2-1/2"]
[WhiteElo "2115"]
[BlackElo "2471"]
[PlyCount "96"]
[EventDate "2012.07.05"]

1. d4 Nf6 2. c4 e6 3. Nf3 b6 4. g3 Ba6 5. b3 b5 6. cxb5 Bxb5 7. Bg2 d5 8. O-O
Nbd7 9. Nc3 Ba6 10. Na4 Bd6 11. Bb2 c5 12. dxc5 Bxc5 13. Nxc5 Nxc5 14. b4 Ncd7
15. a4 O-O 16. b5 Bb7 17. Ba3 Re8 18. Nd4 Rc8 19. Nb3 a6 20. Rc1 Rxc1 21. Bxc1
axb5 22. axb5 Qb6 23. Qd3 e5 24. e3 Ra8 25. Bb2 Ra4 26. Bc3 Ra3 27. Bb4 Ra4 28.
Bc3 d4 29. Bxb7 Qxb7 30. exd4 Qd5 31. Rd1 e4 32. Qc2 h5 33. Ra1 Rc4 34. Na5 Rc7
35. Qb2 e3 36. fxe3 Qf3 37. Re1 Ne4 38. Nc6 Rb7 39. Bb4 Ng5 40. Qg2 h4 41. Kh1
hxg3 42. Qxf3 Nxf3 43. Rf1 Nxh2 44. Rf4 Rxb5 45. Ne7+ Kf8 46. Nd5+ Kg8 47. Ne7+
Kf8 48. Nc6+ Kg8 1/2-1/2

[Event "L. Polugaevsky Memorial 2012"]
[Site "Samara"]
[Date "2012.07.10"]
[Round "6.20"]
[White "Vokarev, Sergey"]
[Black "Bakin, Alexander"]
[Result "1-0"]
[WhiteElo "2437"]
[BlackElo "2176"]
[PlyCount "71"]
[EventDate "2012.07.05"]

1. e4 c6 2. d4 d5 3. Nd2 dxe4 4. Nxe4 Bf5 5. Nc5 Nd7 6. Bd3 Bxd3 7. Nxd3 Ngf6
8. Nf3 e6 9. O-O c5 10. Re1 cxd4 11. Nxd4 Be7 12. Qf3 Nb6 13. c3 Qd5 14. Qe2
O-O 15. b3 Bc5 16. Be3 Bxd4 17. Bxd4 Nbd7 18. Rad1 Rfd8 19. h3 Qf5 20. c4 b6
21. Nb4 Rac8 22. Bb2 Qc5 23. Nc2 Nf8 24. Qf3 Qg5 25. Nd4 Ng6 26. Nc6 Re8 27.
Ne5 Rcd8 28. Rxd8 Rxd8 29. Rd1 Rd2 30. Rxd2 Qxd2 31. Qa8+ Nf8 32. Qxa7 N6d7 33.
Nxd7 Qxb2 34. Qb8 Qc1+ 35. Kh2 Qa3 36. c5 1-0

[Event "L. Polugaevsky Memorial 2012"]
[Site "Samara"]
[Date "2012.07.10"]
[Round "6.21"]
[White "Dimukhametov, Artur"]
[Black "Gusarov, Aleksey"]
[Result "1/2-1/2"]
[WhiteElo "2355"]
[BlackElo "1877"]
[PlyCount "97"]
[EventDate "2012.07.05"]

1. d4 Nf6 2. c4 g6 3. Nc3 Bg7 4. e4 d6 5. f4 O-O 6. Nf3 c5 7. d5 e6 8. dxe6
fxe6 9. Be2 Nc6 10. O-O Qe7 11. Kh1 Bd7 12. e5 dxe5 13. fxe5 Ng4 14. Bg5 Qe8
15. Nb5 Qc8 16. Nd6 Qc7 17. Nb5 Qc8 18. Qd6 Ngxe5 19. Qxc5 Nf7 20. Rad1 e5 21.
Be3 Bg4 22. Nc3 Qe6 23. Ne4 h6 24. Qb5 Nd4 25. Nxd4 exd4 26. Nc5 Qc8 27. Bxg4
Qxg4 28. h3 Qh5 29. Bf4 Ng5 30. Bxg5 Qxg5 31. Rxf8+ Rxf8 32. Ne6 Qxb5 33. cxb5
Rf2 34. Nxg7 Kxg7 35. Rxd4 Rxb2 36. a4 Kf6 37. Kh2 Ra2 38. Kg3 Kg5 39. Rd5+ Kf6
40. Rd4 Kg5 41. Rg4+ Kf5 42. Rc4 Kg5 43. Kf3 Kf6 44. g3 Ra3+ 45. Kf2 Ra2+ 46.
Ke3 Ra3+ 47. Kf2 Ra2+ 48. Kf3 Ra3+ 49. Kf2 1/2-1/2

[Event "L. Polugaevsky Memorial 2012"]
[Site "Samara"]
[Date "2012.07.10"]
[Round "6.22"]
[White "Smetanov, Nikolay"]
[Black "Fatkhutdinov, Gafiyat"]
[Result "0-1"]
[WhiteElo "2095"]
[BlackElo "2354"]
[PlyCount "112"]
[EventDate "2012.07.05"]

1. e4 c6 2. d4 d5 3. exd5 cxd5 4. c4 Nf6 5. Nc3 a6 6. Nf3 g6 7. cxd5 Nxd5 8.
Qb3 Nxc3 9. Bc4 e6 10. bxc3 Nc6 11. Bd3 Qc7 12. O-O Bd7 13. Qc2 Rc8 14. Qe2 Na5
15. Ne5 Bg7 16. Bd2 O-O 17. Rac1 Nc6 18. Ng4 Qa5 19. Rb1 b5 20. Ne3 Qa4 21. h4
Ne7 22. h5 Nd5 23. Rfc1 Nf4 24. Qf1 Nxh5 25. Rb4 Qxa2 26. Qd1 Qa5 27. Ng4 Qb6
28. Qf3 Bc6 29. Qh3 Qc7 30. g3 Qd6 31. Nh6+ Kh8 32. Be2 Qd5 33. g4 Nf6 34. f3
Ng8 35. Kf2 g5 36. Nxg8 Kxg8 37. Bd3 h6 38. Rh1 Rfd8 39. Rb2 Kf8 40. Be3 Ba8
41. Rc1 Rc7 42. Qg3 Rdc8 43. Rbc2 Qd8 44. f4 Qd5 45. fxg5 hxg5 46. Ke1 Bb7 47.
Be2 Bf6 48. Qf2 Kg7 49. Kd2 Qg2 50. Bd3 Qxf2+ 51. Bxf2 Bf3 52. Rg1 Rh8 53. Rg3
Bd5 54. Rg1 Rh2 55. Ke3 e5 56. Rd2 Rxc3 0-1

[Event "L. Polugaevsky Memorial 2012"]
[Site "Samara"]
[Date "2012.07.10"]
[Round "6.23"]
[White "Rozhko, Dmitry"]
[Black "Shaydullina, Sandugach"]
[Result "1-0"]
[WhiteElo "2406"]
[BlackElo "2160"]
[PlyCount "111"]
[EventDate "2012.07.05"]

1. d4 d5 2. Nf3 Nf6 3. Bf4 c5 4. c3 Qb6 5. Qb3 Nc6 6. e3 c4 7. Qc2 Bf5 8. Qc1
e6 9. Nbd2 Qa5 10. Be2 h6 11. Ne5 Nxe5 12. Bxe5 Rc8 13. O-O Be7 14. Re1 O-O 15.
Bf3 Ne4 16. Nxe4 dxe4 17. Be2 b5 18. b4 cxb3 19. axb3 Qxc3 20. Qxc3 Rxc3 21.
Rxa7 Bb4 22. Rb1 Rfc8 23. g4 Bg6 24. Bxb5 Rc1+ 25. Rxc1 Rxc1+ 26. Kg2 h5 27. h3
h4 28. Bf4 Rc2 29. Bg5 Bd2 30. Bc4 Rb2 31. Rb7 Kh8 32. Kg1 Rb1+ 33. Bf1 Bc3 34.
Bxh4 Bxd4 35. exd4 e3 36. Rb8+ Kh7 37. Kg2 Be4+ 38. f3 Rb2+ 39. Kg3 Bb1 40. Bc4
f6 41. g5 fxg5 42. Bxg5 e2 43. Kf2 Bf5 44. Ra8 Kg6 45. Bf4 Bxh3 46. Bc1 e1=Q+
47. Kxe1 Rg2 48. Be3 Bf5 49. Ra6 Kf7 50. d5 exd5 51. Bxd5+ Ke7 52. Bc5+ Kd7 53.
Ra7+ Kc8 54. b4 Bd3 55. Bc6 g5 56. Bb6 1-0

[Event "L. Polugaevsky Memorial 2012"]
[Site "Samara"]
[Date "2012.07.10"]
[Round "6.24"]
[White "Klyuev, Alexander S"]
[Black "Yandarbiev, Ruslan"]
[Result "1-0"]
[WhiteElo "2191"]
[BlackElo "2375"]
[PlyCount "99"]
[EventDate "2012.07.05"]

1. c4 Nf6 2. Nc3 g6 3. g3 d5 4. cxd5 Nxd5 5. Bg2 Nb6 6. Nf3 Bg7 7. O-O O-O 8.
d4 Nc6 9. e3 Re8 10. Qe2 e5 11. Nxe5 Nxe5 12. dxe5 Bxe5 13. e4 Be6 14. Rd1 Qe7
15. f4 Bxc3 16. bxc3 Bd5 17. Rd4 Bc6 18. a4 a5 19. Ba3 Qe6 20. Qf2 Rad8 21. f5
Qf6 22. Bc5 Nd7 23. Ba3 Ne5 24. Rad1 Bxa4 25. Rxd8 Rxd8 26. Rd4 Ng4 27. Qd2 Qb6
28. h3 Rxd4 29. cxd4 Qb1+ 30. Bc1 Nf6 31. e5 Ne4 32. Qh6 Nxg3 33. Kh2 Nxf5 34.
Qg5 h6 35. Qd8+ Kh7 36. e6 Qb3 37. Bf4 Qxe6 38. Be5 f6 39. Bd5 Qxd5 40. Qxd5
fxe5 41. Qxa5 Be8 42. Qxc7+ Kg8 43. d5 e4 44. d6 e3 45. d7 Bxd7 46. Qxd7 b5 47.
Qxb5 Kf7 48. Qe5 h5 49. Kg2 Kg8 50. Kf3 1-0

[Event "L. Polugaevsky Memorial 2012"]
[Site "Samara"]
[Date "2012.07.10"]
[Round "6.26"]
[White "Bobrov, Vitaly"]
[Black "Iliushkin, Evgeny"]
[Result "0-1"]
[WhiteElo "1925"]
[BlackElo "2264"]
[PlyCount "150"]
[EventDate "2012.07.05"]

1. e4 c5 2. Nf3 e6 3. c3 d5 4. exd5 exd5 5. d4 Nc6 6. Be2 Bd6 7. O-O Nge7 8.
dxc5 Bxc5 9. Nbd2 O-O 10. Nb3 Bd6 11. Nbd4 Bg4 12. Qd3 Qd7 13. Be3 Rfe8 14.
Rfe1 Rad8 15. Rad1 Bb8 16. h3 Bh5 17. Qd2 Qc7 18. g3 Qd7 19. Kg2 Nf5 20. Nxf5
Qxf5 21. Qd3 Qe4 22. Qxe4 dxe4 23. Nd4 Bxe2 24. Rxe2 Nxd4 25. Rxd4 Rxd4 26.
Bxd4 f5 27. Rd2 Rd8 28. Be3 Rxd2 29. Bxd2 Be5 30. f3 exf3+ 31. Kxf3 Kf7 32. Be3
a6 33. Bf4 Ke6 34. h4 g6 35. Bd2 Kd5 36. b3 b5 37. Be1 Bf6 38. Bd2 Bg7 39. Be1
Bh6 40. g4 fxg4+ 41. Kxg4 Ke4 42. Bg3 Bd2 43. c4 bxc4 44. bxc4 h5+ 45. Kh3 Kd4
46. Kg2 Kxc4 47. Kf3 Kd5 48. Ke2 Bc3 49. Kd3 Bf6 50. a4 Bd8 51. Be1 Ke5 52. Ke3
Be7 53. Kf3 Kf5 54. Bf2 Bd6 55. Be1 Bc5 56. Bg3 Bb4 57. Bf2 Ke5 58. Be3 Ba3 59.
Bg5 Kd5 60. Bd2 Be7 61. Be1 Bd6 62. Bf2 Bc7 63. Be1 Kc4 64. Ke4 Kb3 65. Kd5
Kxa4 66. Ke6 Bd8 67. Kf7 g5 68. hxg5 Bxg5 69. Kg6 Be7 70. Kxh5 Kb5 71. Kg4 Bb4
72. Bg3 a5 73. Kf3 Kc4 74. Ke2 a4 75. Kd1 Kb3 0-1

[Event "L. Polugaevsky Memorial 2012"]
[Site "Samara"]
[Date "2012.07.10"]
[Round "6.27"]
[White "Purygin, Andrei"]
[Black "Sazonova, Elena N"]
[Result "0-1"]
[WhiteElo "2249"]
[BlackElo "2159"]
[PlyCount "110"]
[EventDate "2012.07.05"]

1. d4 c5 2. d5 e5 3. e4 d6 4. f4 Nd7 5. Nf3 Qe7 6. Nc3 a6 7. fxe5 Nxe5 8. Nxe5
Qxe5 9. g3 Nf6 10. Bg2 Bg4 11. Bf3 Qh5 12. Bxg4 Qxg4 13. Qxg4 Nxg4 14. Bf4 Rg8
15. h3 Nf6 16. g4 O-O-O 17. O-O Nd7 18. Bg3 f6 19. Rae1 Re8 20. Re3 Be7 21. Ne2
Ne5 22. Nf4 Nc4 23. Rc3 Nxb2 24. Rb1 Na4 25. Ra3 b5 26. c4 Nb6 27. cxb5 Nc4 28.
Ra4 Nb6 29. bxa6 Nxa4 30. a7 Nb6 31. Rxb6 Kc7 32. Rc6+ Kb7 33. Ne6 Rc8 34. Bxd6
Bxd6 35. Rxd6 Kxa7 36. Kf2 c4 37. Nd4 c3 38. Nc6+ Kb6 39. Ke3 Kc5 40. Rd7 Ra8
41. Nd4 Rgc8 42. Kd3 Rxa2 43. Kxc3 Rh2 44. Ne6+ Kb5+ 45. Rc7 Rxc7+ 46. Nxc7+
Kb6 47. Ne6 Rxh3+ 48. Kd4 g6 49. Nc5 Rf3 50. g5 fxg5 51. e5 g4 52. Na4+ Kc7 53.
e6 g3 54. e7 Kd7 55. d6 Rf4+ 0-1

[Event "L. Polugaevsky Memorial 2012"]
[Site "Samara"]
[Date "2012.07.10"]
[Round "6.28"]
[White "Zhurikhin, Alexander"]
[Black "Sorochan, Dmitry"]
[Result "1-0"]
[WhiteElo "2240"]
[BlackElo "2068"]
[PlyCount "79"]
[EventDate "2012.07.05"]

1. e4 e6 2. d4 d5 3. Nc3 Bb4 4. e5 c5 5. Bd2 Nh6 6. Nb5 Bxd2+ 7. Qxd2 Nf5 8.
dxc5 O-O 9. Nf3 b6 10. cxb6 Qxb6 11. c3 Nd7 12. Nbd4 Nc5 13. Nxf5 exf5 14. Rb1
Ba6 15. Bxa6 Qxa6 16. Qe2 Qxa2 17. O-O Rab8 18. Nd4 Ne4 19. f3 Nc5 20. Nxf5
Rfe8 21. Qe3 Ne6 22. b4 d4 23. cxd4 Rbc8 24. Qb3 Qd2 25. Rbd1 Qf4 26. Nd6 Nxd4
27. Qd3 Ne6 28. Nxc8 Rxc8 29. Qd2 Qxe5 30. f4 Qb5 31. f5 Nf8 32. f6 gxf6 33.
Rxf6 Ng6 34. Qd7 Qxd7 35. Rxd7 Ne5 36. Rxa7 Rc4 37. Rf5 Re4 38. b5 Nc4 39.
Rfxf7 Nd2 40. Rfe7 1-0

[Event "L. Polugaevsky Memorial 2012"]
[Site "Samara"]
[Date "2012.07.10"]
[Round "6.30"]
[White "Liberman, Evgeny"]
[Black "Shapiro, David"]
[Result "1/2-1/2"]
[WhiteElo "2213"]
[BlackElo "2007"]
[PlyCount "84"]
[EventDate "2012.07.05"]

1. e4 c5 2. Nf3 Nc6 3. b3 d6 4. Bb2 Bg4 5. Be2 e5 6. d3 Bxf3 7. Bxf3 g6 8. g3
Bg7 9. Nd2 Nge7 10. Bg2 O-O 11. O-O f5 12. f4 d5 13. fxe5 Nxe5 14. Qe2 fxe4 15.
dxe4 d4 16. Rxf8+ Qxf8 17. Rf1 Qc8 18. Nf3 N7c6 19. Ng5 Qg4 20. Qxg4 Nxg4 21.
Bh3 Nce5 22. Bc1 Bh6 23. Bf4 Re8 24. Bg2 Ne3 25. Bxe3 dxe3 26. h4 Bg7 27. Re1
h6 28. Nf3 Ng4 29. Nh2 Bc3 30. Re2 Nxh2 31. Kxh2 Bd2 32. Bf3 Rf8 33. Kg2 b5 34.
e5 Kf7 35. Bc6 b4 36. Bd5+ Ke7 37. Bc4 Rf5 38. Bd3 Rxe5 39. Bxg6 h5 40. Kf3 Kf6
41. Bd3 Re8 42. Kf4 Rg8 1/2-1/2

[Event "L. Polugaevsky Memorial 2012"]
[Site "Samara"]
[Date "2012.07.10"]
[Round "6.31"]
[White "Bukavshin, Ivan"]
[Black "Elistratov, Semen"]
[Result "1-0"]
[WhiteElo "2487"]
[BlackElo "1985"]
[PlyCount "83"]
[EventDate "2012.07.05"]

1. Nf3 Nf6 2. c4 e6 3. Nc3 b6 4. e4 d6 5. d4 Bb7 6. Bd3 Nbd7 7. O-O c5 8. d5 e5
9. Bc2 g6 10. Ba4 Bg7 11. Bc6 Rb8 12. Nb5 Qe7 13. Qa4 a5 14. Bg5 O-O 15. Nd2 h6
16. Bh4 g5 17. Bg3 Kh8 18. Rfe1 Rg8 19. Nf1 Nf8 20. Ne3 Bc8 21. f3 Ng6 22. Kh1
Nf4 23. a3 h5 24. Qc2 Bh6 25. Rf1 Nh7 26. Be1 g4 27. fxg4 Bxg4 28. Bc3 Rg7 29.
Nxg4 hxg4 30. g3 Nh3 31. Qe2 Nf6 32. Rf5 Rd8 33. Raf1 Rg6 34. Nxd6 Rxd6 35.
Bxe5 Bg7 36. Bxd6 Qxd6 37. e5 Qe7 38. d6 Qe6 39. Qd3 Nd7 40. Bd5 Nxe5 41. Bxe6
Nxd3 42. d7 1-0

[Event "L. Polugaevsky Memorial 2012"]
[Site "Samara"]
[Date "2012.07.10"]
[Round "6.32"]
[White "Popov, Alexey"]
[Black "Sazonova, Anastasia"]
[Result "1/2-1/2"]
[WhiteElo "2229"]
[BlackElo "1939"]
[PlyCount "119"]
[EventDate "2012.07.05"]

1. d4 Nf6 2. c4 g6 3. Nc3 Bg7 4. e4 d6 5. f3 O-O 6. Be3 Nc6 7. Qd2 a6 8. Nge2
Rb8 9. Bh6 b5 10. h4 e5 11. h5 Bxh6 12. Qxh6 Qe7 13. O-O-O exd4 14. Nd5 Nxd5
15. cxd5 Ne5 16. Nxd4 Bb7 17. hxg6 fxg6 18. Kb1 Qg7 19. Qxg7+ Kxg7 20. Rc1 Rbc8
21. a4 c5 22. dxc6 Nxc6 23. Nxc6 Bxc6 24. axb5 axb5 25. Be2 Rfd8 26. Rhd1 Kf6
27. Rc3 Ke5 28. Bxb5 Bxb5 29. Rxc8 Rxc8 30. Rd5+ Kf4 31. Rxb5 Kg3 32. Rg5+ Kf4
33. Rd5 Kg3 34. Rd2 h5 35. Ka2 Rb8 36. b3 g5 37. Ka3 Re8 38. b4 g4 39. fxg4
hxg4 40. b5 Rxe4 41. b6 Kh2 42. Rd4 Rxd4 43. b7 Rd3+ 44. Kb2 Kxg2 45. b8=Q Rf3
46. Qxd6 Rf2+ 47. Kc3 Rf3+ 48. Kd4 Rf2 49. Ke4 g3 50. Qd5 Kh2 51. Ke3 Kg1 52.
Qg5 Kg2 53. Qh5 Kg1 54. Qh3 g2 55. Qg4 Rf1 56. Qh4 Rf7 57. Qe1+ Rf1 58. Qh4 Rf7
59. Qe1+ Rf1 60. Qh4 1/2-1/2

[Event "L. Polugaevsky Memorial 2012"]
[Site "Samara"]
[Date "2012.07.10"]
[Round "6.33"]
[White "Litvinov, Maxim"]
[Black "Kabanova, Ekaterina"]
[Result "0-1"]
[WhiteElo "1947"]
[BlackElo "2164"]
[PlyCount "110"]
[EventDate "2012.07.05"]

1. d4 c5 2. d5 g6 3. e4 Bg7 4. Nf3 d6 5. h3 Nf6 6. Nc3 O-O 7. Bd3 Na6 8. Bxa6
bxa6 9. O-O Nd7 10. Bg5 Re8 11. Qd3 Qb6 12. b3 a5 13. Na4 Qc7 14. Rab1 Rb8 15.
Bd2 c4 16. Qxc4 Qxc4 17. bxc4 Ba6 18. Bxa5 Bxc4 19. Rfe1 Bxa2 20. Rxb8 Rxb8 21.
Nd2 Bh6 22. Ra1 Bxd2 23. Bxd2 Rb1+ 24. Rxb1 Bxb1 25. c4 Bxe4 26. Be3 Bc2 27.
Nc3 a5 28. Nb5 Kf8 29. Na3 Bd3 30. f4 a4 31. Kf2 f5 32. Bd4 Kf7 33. Ke3 Be4 34.
g4 Bg2 35. gxf5 Bxh3 36. fxg6+ Kxg6 37. Bc3 h5 38. Bb4 Bf1 39. Kf2 Bd3 40. Ke3
h4 41. Kf3 Kf5 42. Kg2 Kxf4 43. Kh3 Kg5 44. Bd2+ Kh5 45. Ba5 Bf1+ 46. Kh2 Kg6
47. Bd8 Kf7 48. Kg1 Bd3 49. Kh2 Bf5 50. Nb5 Ke8 51. Ba5 Ne5 52. Nd4 Bg4 53. Be1
h3 54. Bh4 a3 55. Nc2 Nf3+ 0-1

[Event "L. Polugaevsky Memorial 2012"]
[Site "Samara"]
[Date "2012.07.10"]
[Round "6.34"]
[White "Gumerov, Ruslan"]
[Black "Mirzaev, Aziz"]
[Result "0-1"]
[WhiteElo "1877"]
[BlackElo "2154"]
[PlyCount "120"]
[EventDate "2012.07.05"]

1. e4 c5 2. Nf3 d6 3. d4 Nf6 4. Nc3 cxd4 5. Qxd4 Nc6 6. Bb5 Bd7 7. Bxc6 Bxc6 8.
Bg5 e6 9. O-O-O Be7 10. Qd3 Qa5 11. h4 h6 12. Bxf6 Bxf6 13. Nd4 Rd8 14. f4 h5
15. Kb1 O-O 16. Rdg1 Qb4 17. Nxc6 bxc6 18. Nd1 Bxb2 19. Nxb2 Rb8 20. Qb3 Qxe4
21. Qc3 Rb5 22. Ka1 Rc5 23. Qd3 Qxf4 24. Rd1 d5 25. c3 Rb5 26. Qd2 Qxd2 27.
Rxd2 Rc5 28. Rc2 Re8 29. Kb1 e5 30. Re1 e4 31. Re3 Re6 32. Rf2 g6 33. a4 Ra5
34. Rf4 f5 35. Rf1 Ra6 36. Nd3 Rd6 37. Nc5 Rb6+ 38. Kc2 d4 39. cxd4 Rxd4 40.
Kc3 Rbb4 41. Nb3 Rbc4+ 42. Kb2 Rd3 43. Rxd3 exd3 44. Rf3 Rxh4 45. a5 Rh2 46.
Rg3 Kf7 47. Kc3 h4 48. Rh3 Rxh3 49. gxh3 g5 50. Nd4 g4 51. hxg4 fxg4 52. Nf5 h3
53. Ng3 Ke6 54. Kxd3 Ke5 55. Ke3 c5 56. Kf2 c4 57. Ne2 Ke4 58. Nc3+ Kd3 59. Nd5
c3 60. Nb4+ Kd2 0-1

[Event "L. Polugaevsky Memorial 2012"]
[Site "Samara"]
[Date "2012.07.10"]
[Round "6.36"]
[White "Afanasiev, Dmitry"]
[Black "Alieva, Alexandra"]
[Result "1-0"]
[WhiteElo "2068"]
[BlackElo "1975"]
[PlyCount "93"]
[EventDate "2012.07.05"]

1. d4 d5 2. c4 e6 3. Nc3 Be7 4. cxd5 exd5 5. Bf4 c6 6. e3 Bd6 7. Bxd6 Qxd6 8.
Bd3 Ne7 9. Qf3 g6 10. Rc1 Bf5 11. Bxf5 gxf5 12. Nge2 Nd7 13. Nf4 Nf6 14. O-O
Ne4 15. Qh5 Qf6 16. b4 O-O 17. a4 Ng6 18. Nce2 Nd6 19. Qh6 Qg7 20. Qg5 Nxf4 21.
Qxf4 Rfd8 22. Ng3 Qg4 23. Qh6 Qg6 24. Qh5 Kf8 25. h3 a5 26. Rb1 Ne4 27. Qxg6
hxg6 28. Nxe4 fxe4 29. b5 Rdc8 30. Rfc1 Ke8 31. Rc5 Kd7 32. bxc6+ bxc6 33. Rb6
Kd6 34. h4 Rc7 35. Kh2 Kd7 36. Kg3 Kd6 37. Kf4 Rh8 38. g3 Rh5 39. Rb2 Ra7 40.
Kg4 f6 41. Rb6 Rc7 42. Rxa5 f5+ 43. Kf4 g5+ 44. hxg5 Rg7 45. Rc5 Rgxg5 46.
Rcxc6+ Kd7 47. Rg6 1-0

[Event "L. Polugaevsky Memorial 2012"]
[Site "Samara"]
[Date "2012.07.10"]
[Round "6.37"]
[White "Sinyanskiy, Maxim"]
[Black "Komendatyan, Artyom"]
[Result "1/2-1/2"]
[WhiteElo "1753"]
[BlackElo "2036"]
[PlyCount "80"]
[EventDate "2012.07.05"]

1. e4 e6 2. b3 c5 3. Bb2 Nc6 4. Bb5 a6 5. Bxc6 bxc6 6. d3 d5 7. Nd2 Nf6 8. Ne2
Be7 9. Ng3 Qc7 10. O-O Bd7 11. e5 Ng8 12. f4 Nh6 13. Qh5 Bf8 14. c4 g6 15. Qf3
Be7 16. Kh1 Rf8 17. cxd5 cxd5 18. a3 Bc6 19. d4 Qb7 20. dxc5 Bxc5 21. b4 Bb6
22. Rac1 Rc8 23. Qd1 Bb5 24. Rxc8+ Qxc8 25. Rf3 Ng4 26. Qe1 Qc2 27. h3 Nf2+ 28.
Rxf2 Bxf2 29. Qxf2 Qxb2 30. Qc5 Bd7 31. Qc7 f5 32. Nf3 h6 33. Qb8+ Kf7 34. Qc7
Ke8 35. Qb8+ Kf7 36. Qc7 Ke8 37. Qb8+ Kf7 38. Qc7 Ke8 39. Qb8+ Kf7 40. Qc7 Ke8
1/2-1/2

[Event "L. Polugaevsky Memorial 2012"]
[Site "Samara"]
[Date "2012.07.10"]
[Round "6.40"]
[White "Semenova, Alena"]
[Black "Korovin, Mikhail"]
[Result "1/2-1/2"]
[WhiteElo "1957"]
[BlackElo "2110"]
[PlyCount "90"]
[EventDate "2012.07.05"]

1. e4 e6 2. b3 d5 3. Bb2 Nf6 4. e5 Nfd7 5. d4 c5 6. c3 Nc6 7. Nf3 f6 8. exf6
Nxf6 9. Nbd2 cxd4 10. cxd4 Bd6 11. Bd3 Nh5 12. g3 Nf6 13. O-O Qb6 14. Ne5 O-O
15. Ndf3 Ne7 16. Rc1 Nf5 17. Qe2 Re8 18. g4 Bxe5 19. Nxe5 Nxd4 20. Qe3 Nc6 21.
Qh3 Ne4 22. Qh5 Rf8 23. Bxe4 dxe4 24. Qg5 Qd8 25. Qxd8 Rxd8 26. Nxc6 bxc6 27.
Rxc6 Rd2 28. Be5 Rd5 29. Bf4 e5 30. Be3 Bxg4 31. h4 a5 32. Rfc1 Rf8 33. R6c5
Rfd8 34. Kh2 Be6 35. Rxd5 Rxd5 36. Rc6 Kf7 37. Rc7+ Kf6 38. Bg5+ Kg6 39. Rc6
Kf5 40. Rc7 h6 41. Be3 Kf6 42. Rc5 Rd1 43. Rxa5 Bg4 44. Rc5 Ra1 45. a4 Bd1
1/2-1/2

[Event "L. Polugaevsky Memorial 2012"]
[Site "Samara"]
[Date "2012.07.10"]
[Round "6.41"]
[White "Idrisova, Roza"]
[Black "Strunin, Anton"]
[Result "0-1"]
[WhiteElo "2101"]
[BlackElo "1889"]
[PlyCount "92"]
[EventDate "2012.07.05"]

1. d4 Nf6 2. c4 e6 3. Nc3 Bb4 4. Qc2 O-O 5. a3 Bxc3+ 6. Qxc3 b6 7. Bg5 d5 8.
Nf3 Nbd7 9. e3 Bb7 10. cxd5 exd5 11. Bb5 c6 12. Bd3 h6 13. Bxf6 Qxf6 14. O-O
Rfe8 15. Rfe1 c5 16. Bb5 Bc6 17. Bxc6 Qxc6 18. dxc5 bxc5 19. Rac1 Qd6 20. Red1
Rac8 21. Qd3 Nf6 22. h3 Qb6 23. Rc2 Ne4 24. Rdc1 Rcd8 25. Nd2 Nxd2 26. Qxd2 d4
27. exd4 cxd4 28. Qd3 a5 29. b3 Rb8 30. b4 axb4 31. axb4 Qxb4 32. Rd2 Rbd8 33.
Rc4 Re1+ 34. Kh2 Qb8+ 35. Qg3 Qb1 36. Qc7 Rh1+ 37. Kg3 Qg6+ 38. Kf3 Qh5+ 39.
Kg3 Qg6+ 40. Kf3 Qh5+ 41. Kg3 Qg5+ 42. Kf3 Rg1 43. Rcxd4 Qxg2+ 44. Ke2 Qf1+ 45.
Ke3 Re8+ 46. Kf4 g5+ 0-1